Sports Quiz

Random Sports Quiz

Top 10 home run hitters in 2012 as of june 26 Quiz Stats

 Plays Quiz not verified by Sporcle

Score 0/10 Timer 02:00
0 Plays Today
Homeruns answer % Correct
24Jose Bautista
98.8%
23Josh Hamilton
97.6%
20Ryan Braun
95.1%
21Curtis Granderson
93.9%
20Carlos Beltran
90.2%
20David Ortiz
89%
17Robinson Cano
89%
23Adam Dunn
87.8%
19Adam Jones
87.8%
21Edwin Encarnacion
74.4%

You're not logged in!

Compare scores with friends on all Sporcle quizzes.
OR
Log In

Show Comments

Extras

Created Jun 26, 2012ReportNominate
Tags:2012, hitter, home, humerus, June, run, team

Top Quizzes Today


Score Distribution

Your Account Isn't Verified!

In order to create a playlist on Sporcle, you need to verify the email address you used during registration. Go to your Sporcle Settings to finish the process.

Report this User

Report this user for behavior that violates our Community Guidelines.

Details: